Man and his physical universe (Record no. 16557)
[ view plain ]
| 000 -LEADER | |
|---|---|
| fixed length control field | 00254nam a22001097a 4500 |
| 008 - FIXED-LENGTH DATA ELEMENTS--GENERAL INFORMATION | |
| fixed length control field | 131127t xxu||||| |||| 00| 0 eng d |
| 245 ## - TITLE STATEMENT | |
| Title | Man and his physical universe |
| 250 ## - EDITION STATEMENT | |
| Edition statement | 2nd ed |
| 300 ## - PHYSICAL DESCRIPTION | |
| Extent | book |
| 700 ## - ADDED ENTRY--PERSONAL NAME | |
| Fuller form of name | Richard wistar |
| 9 (RLIN) | 296 |
| 942 ## - ADDED ENTRY ELEMENTS (KOHA) | |
| Source of classification or shelving scheme | |
| Koha item type | Book |
| Withdrawn status | Lost status | Source of classification or shelving scheme | Damaged status | Not for loan | Permanent Location | Current Location | Date acquired | Total Checkouts | Total Renewals | Full call number | Barcode | Date last seen | Date last checked out | Price effective from | Koha item type |
|---|---|---|---|---|---|---|---|---|---|---|---|---|---|---|---|
| Atta-ur-Rahman School of Applied Biosciences (ASAB) | Atta-ur-Rahman School of Applied Biosciences (ASAB) | 11/27/2013 | 1 | 2 | 530.1 WIS | ASAB1555 | 09/23/2016 | 11/10/2015 | 11/27/2013 | Book |
